Optional instruments of European Union: a definitional, normative and explanatory study
Պահպանված է:
| Հիմնական հեղինակ: | |
|---|---|
| Ձևաչափ: | Գիրք |
| Լեզու: | անգլերեն |
| Հրապարակվել է: |
Cambridge
Intersentia Ltd
2016
|
| Հրատարակություն: | 1a. ed |
| Շարք: | Metro, 149
|
| Խորագրեր: | |
| Ցուցիչներ: |
Ավելացրեք ցուցիչ
Չկան պիտակներ, Եղեք առաջինը, ով նշում է այս գրառումը!
|
MARC
| LEADER | 00000cam a2200000 a 4500 | ||
|---|---|---|---|
| 001 | UCC9102 | ||
| 003 | CL-VaPUC | ||
| 008 | 190904e20160000uk |||||||||||||||||eng|d | ||
| 020 | |a 9781780684109 | ||
| 082 | 0 | 4 | |a 342.2402 |b BUL |2 21 |
| 100 | 0 | |a Bull, William A |e author |9 603962 | |
| 245 | 1 | 0 | |a Optional instruments of European Union: a definitional, normative and explanatory study |
| 250 | |a 1a. ed | ||
| 300 | |a 297 p | ||
| 942 | |c BK | ||
| 945 | |d 20190904 15:40:00 |a dcastane | ||
| 260 | |a Cambridge |b Intersentia Ltd |c 2016 | ||
| 650 | 7 | |a DERECHO CONSTITUCIONAL EUROPEO |2 CL-VaPUC |9 548427 | |
| 650 | 0 | |a Política y gobierno |9 255151 | |
| 650 | 7 | |a UNION EUROPEA |2 CL-VaPUC |9 603963 | |
| 583 | |a last modification |c 20190904 15:40:00 |k Rodrigo Vera | ||
| 490 | 0 | |a Metro, 149 | |
| 999 | |c 375296 |d 375294 | ||
| 952 | |0 0 |1 0 |3 erb |4 0 |6 342_240200000000000_BUL_2016 |7 0 |8 WP_COW |9 561244 |a BIBDER |b BIBDER |e Fundación W and P Cowley |i 5598885 |o 342.2402 BUL 2016 |p 5598885 |r 2023-01-25 |w 2020-03-12 |y BK |z Catalogado en:20190904 |k WPC | ||